Prosperidad y depresión (Registro nro. 6579)

Detalles MARC
000 -LEADER
fixed length control field 01741 a2200229 4500
001 - CONTROL NUMBER
control field 59026
005 - DATE AND TIME OF LATEST TRANSACTION
control field 20260407155845.0
008 - FIXED-LENGTH DATA ELEMENTS--GENERAL INFORMATION
fixed length control field 260407a1953 arg spa d
003 - CONTROL NUMBER IDENTIFIER
control field AR-UNSa-BCEJYS
040 ## - CATALOGING SOURCE
Original cataloging agency AR-UNSa-BCEJYS
Language of cataloging spa
Transcribing agency AR-UNSa-BCEJYS
080 ## - UNIVERSAL DECIMAL CLASSIFICATION NUMBER
Universal Decimal Classification number 338.1
Common auxiliary subdivision Situación económica. Ciclos. Desarrollo de la estructura económica
100 1# - MAIN ENTRY--PERSONAL NAME
Personal name Haberler, Gottfried
245 10 - TITLE STATEMENT
Title Prosperidad y depresión
Name of part/section of a work análisi teórico de los moviemintos cíclicos
250 ## - EDITION STATEMENT
Edition statement 3a. ed.
264 #1 - PRODUCTION, PUBLICATION, DISTRIBUTION, MANUFACTURE, AND COPYRIGHT NOTICE
Place of production, publication, distribution, manufacture México :
Name of producer, publisher, distributor, manufacturer Fondo de Cultura Económica
Date of production, publication, distribution, manufacture, or copyright notice 1953
300 ## - PHYSICAL DESCRIPTION
Extent 539 p.
Dimensions 21 cm.
505 ## - FORMATTED CONTENTS NOTE
Formatted contents note Parte I: Examen sistemático de las teorías de los ciclos económicos: 1. Observaciones preliminares – 2. La teoría puramente monetaria – 3. Teorías de la supercapitalización – 4. Las variaciones del costo de producción, los desequilibrios en el sentido horizontal y el exceso de deudas, como causas de crisis y depresión – 5. Teorías del subconsumo – 6. Teorías “psicológicas” – 7. Las teorías de las cosechas. La agricultura y los ciclos económicos – 8. Algunos estudios recientes sobre las teorías del ciclo económico – Parte II: Exposición general de la naturaleza y de la causa de los ciclos económicos: 9. Definición y medida de ciclo económico – 10. El proceso de expansión y de contracción – 11. Inversión de las tendencias: crisis y recuperación – 12. Aspectos internacionales de los ciclos económicos – Parte III: Nuevos comentarios sobre las últimas aportaciones a la teoría del ciclo económico: 13. El multiplicador, rigideces institucionales y gastos públicos
590 ## - LOCAL NOTE (RLIN)
Local note niveau_biblio:m niveau_hierar:0
700 1# - ADDED ENTRY--PERSONAL NAME
Personal name Franco, Gabriel
700 1# - ADDED ENTRY--PERSONAL NAME
Personal name Márquez, Javier
942 ## - ADDED ENTRY ELEMENTS (KOHA)
Koha item type
Existencias
Withdrawn status Lost status Damaged status Not for loan Home library Current library Shelving location Date acquired Total checkouts Full call number Barcode Date last seen Price effective from Koha item type
        Biblioteca Prof. Eusebio Cleto del Rey Biblioteca Prof. Eusebio Cleto del Rey   07/04/2026   338.1 H114 3ed. L20266 07/04/2026 07/04/2026 Libro